[Event "Tournoi Skype 030B"]
[Site "Skype"]
[Date "????.??.??"]
[Round "4.38"]
[White "Farfallini, Michel"]
[Black "Trapletti, Cosetta"]
[Result "1-0"]
[WhiteElo "1446"]
[BlackElo "1000"]
[PlyCount "109"]

1. e4 e5 2. Nf3 Nc6 3. Bc4 Nf6 4. O-O Be7 5. d4 Nxd4 6. Nxd4 exd4 7. Qxd4 O-O
8. Nd2 c5 9. Qd3 d6 10. Nf3 Bg4 11. Bd2 Nh5 12. h3 Be6 13. Qb3 Qd7 14. Ng5 Bxg5
15. Bxg5 h6 16. Bc1 Nf6 17. Qc3 Nxe4 18. Qd3 d5 19. Bb3 c4 20. Bxc4 Rad8 21.
Bb3 Kh7 22. c3 Bxh3 23. Qxh3 Qd6 24. Bc2 Rde8 25. Be3 Kg8 26. Rad1 Qe5 27. Qg4
Ng5 28. Bxa7 f5 29. Qd4 Ne4 30. Qxd5+ Kh8 31. Qxb7 Nc5 32. Qf3 Re7 33. Rfe1 Qf6
34. Bxc5 Rc7 35. Bxf8 Qxf8 36. Bxf5 Rf7 37. Re5 Rf6 38. Rde1 g6 39. Re8 Kg7 40.
Rxf8 Kxf8 41. Qa8+ Kg7 42. Re7+ Rf7 43. Rxf7+ Kxf7 44. Qb7+ Kf6 45. Bd3 Ke5 46.
a4 Kd6 47. a5 h5 48. Bxg6 Ke6 49. Qb5 Kf6 50. a6 Kxg6 51. a7 h4 52. a8=Q h3 53.
Qaa6+ Kg7 54. Qbb7+ Kf8 55. Qaa8# 1-0

[Event "Tournoi Skype 030B"]
[Site "Skype"]
[Date "????.??.??"]
[Round "4.39"]
[White "Swanepoel, Karel"]
[Black "Codina, Teresa"]
[Result "0-1"]
[WhiteElo "1058"]
[BlackElo "1310"]
[PlyCount "66"]

1. e4 c5 2. Nf3 d6 3. d4 cxd4 4. Nxd4 Nf6 5. Nc3 a6 6. Bd3 e6 7. O-O Be7 8. Re1
O-O 9. h3 Bd7 10. e5 dxe5 11. Rxe5 Nc6 12. Nxc6 Bxc6 13. Re1 h6 14. Be3 Qc7 15.
Ne2 Bd6 16. Kh1 Rfd8 17. Qd2 Ne4 18. Bxe4 Bxe4 19. Bxh6 Bf8 20. Qg5 Bg6 21. Nf4
gxh6 22. Qf6 Bg7 23. Nxe6 Bxf6 24. Nxc7 Rac8 25. Re8+ Rxe8 26. Nxe8 Bd4 27. Nd6
Rxc2 28. Nxb7 Rxb2 29. Nd6 Rxf2 30. Rd1 Be5 31. Nc4 Bf4 32. Rd8+ Kg7 33. Ra8
Rf1# 0-1

[Event "Tournoi Skype 030B"]
[Site "Skype"]
[Date "????.??.??"]
[Round "4.40"]
[White "Hernandez Monzon, Alejandro"]
[Black "Bland, Marilyn"]
[Result "1/2-1/2"]
[WhiteElo "1242"]
[BlackElo "1034"]
[PlyCount "73"]

1. d4 d5 2. c4 Nf6 3. cxd5 Qxd5 4. Nc3 Qd7 5. Bf4 Nd5 6. Nxd5 Qxd5 7. Nf3 c6 8.
Bd2 Nd7 9. e3 Nf6 10. Bd3 e6 11. O-O Be7 12. Re1 O-O 13. e4 Qh5 14. e5 Nd5 15.
Be2 b6 16. Ng5 Qg6 17. Bh5 Qf5 18. Bg4 Qd3 19. Nf3 a5 20. Qe2 Qa6 21. Qe4 Bb4
22. Ng5 g6 23. Rad1 Bxd2 24. Rxd2 Qc4 25. Rc1 Qxc1+ 26. Rd1 Qxb2 27. Bh5 Nc3
28. Qh4 Nxd1 29. Bxd1 h5 30. g4 Qd2 31. Bf3 Qe1+ 32. Kg2 Ba6 33. gxh5 Qf1+ 34.
Kg3 Qg1+ 35. Kf4 Qc1+ 36. Kg3 Qg1+ 37. Kf4 1/2-1/2

[Event "Tournoi Skype 030B"]
[Site "Skype"]
[Date "????.??.??"]
[Round "4.41"]
[White "Ramirez, Luis Antonio"]
[Black "Busto, Ricardo"]
[Result "0-1"]
[WhiteElo "1049"]
[BlackElo "1198"]
[PlyCount "106"]

1. d4 Nf6 2. Nf3 g6 3. e3 Bg7 4. c3 d6 5. Bd3 O-O 6. Bc2 c6 7. Nbd2 Nbd7 8. O-O
Re8 9. Re1 e5 10. e4 Qc7 11. Bb3 exd4 12. Nxd4 c5 13. Nb5 Qc6 14. c4 a6 15. Nc3
b5 16. Bc2 Bb7 17. Nf3 b4 18. Ba4 Qc8 19. Nd5 Nxd5 20. cxd5 Re7 21. Bc2 Rb8 22.
Rb1 a5 23. Re3 Bh6 24. Rd3 Bg7 25. Ng5 Ne5 26. Rh3 h6 27. Rg3 hxg5 28. Bxg5 f6
29. Be3 Qe8 30. Qd2 Qf7 31. Bd1 Nc4 32. Qe1 Nxe3 33. Qxe3 Qf8 34. Qf3 Qf7 35.
h4 Re5 36. Rh3 Bc8 37. g4 Qd7 38. Rg3 Qe7 39. Qh1 Rxe4 40. Bf3 Re5 41. h5 gxh5
42. gxh5 Re1+ 43. Rxe1 Qxe1+ 44. Kg2 Qxh1+ 45. Kxh1 Kf7 46. Rg2 Bf5 47. Rh2 Bh6
48. Rh4 Re8 49. Kh2 Bb1 50. a3 bxa3 51. bxa3 Bc2 52. Rg4 Rg8 53. Be2 Rxg4 0-1

[Event "Tournoi Skype 030B"]
[Site "Skype"]
[Date "????.??.??"]
[Round "4.42"]
[White "De Nobrega, George"]
[Black "Hernandez, Ivan"]
[Result "1-0"]
[WhiteElo "1166"]
[BlackElo "1016"]
[PlyCount "71"]

1. e4 e5 2. Nf3 c6 3. Nxe5 d6 4. Nf3 Nf6 5. Nc3 Be7 6. h3 O-O 7. Bc4 Be6 8.
Bxe6 fxe6 9. Ng5 d5 10. Nxe6 Qe8 11. Nxf8 Kxf8 12. exd5 Bb4+ 13. Qe2 Bxc3 14.
Qxe8+ Kxe8 15. dxc3 Nxd5 16. O-O Nd7 17. Re1+ Kf7 18. c4 Nb4 19. Re2 b5 20.
cxb5 cxb5 21. c3 Re8 22. Rxe8 Kxe8 23. cxb4 h5 24. Bg5 Kf7 25. Re1 Kg6 26. Re7
Nf8 27. Be3 h4 28. Rxa7 Kf5 29. Rf7+ Ke6 30. Rxf8 Kd5 31. Rc8 Ke5 32. b3 Kf5
33. a4 g5 34. a5 g4 35. hxg4+ Kxg4 36. a6 1-0

[Event "Tournoi Skype 030B"]
[Site "Skype"]
[Date "????.??.??"]
[Round "4.43"]
[White "Guevara, Lizbeth"]
[Black "Ortis, Yves"]
[Result "1-0"]
[WhiteElo "1036"]
[BlackElo "1148"]
[PlyCount "99"]

1. d4 Nf6 2. Bf4 Nc6 3. d5 Nb8 4. Nf3 d6 5. Nc3 Bd7 6. e4 c6 7. Qe2 e6 8. dxe6
Bxe6 9. O-O-O a6 10. Nd4 Bd7 11. e5 Nd5 12. exd6+ Ne7 13. dxe7 Bxe7 14. Bg5 f6
15. Ne6 Bxe6 16. Rxd8+ Kxd8 17. Qd2+ Nd7 18. Be3 Ke8 19. Be2 g6 20. Rd1 Rd8 21.
Bh6 Ne5 22. Qe3 Rxd1+ 23. Bxd1 Kf7 24. Ne4 Nc4 25. Ng5+ fxg5 26. Qa7 Nd6 27. f4
Bf5 28. fxg5 Rd8 29. Qd4 Ne8 30. Qc4+ Rd5 31. g4 Nd6 32. Qc3 Ne8 33. gxf5 Rxf5
34. Qh8 Bxg5+ 35. Bxg5 Rxg5 36. Qxh7+ Ng7 37. b3 a5 38. Kb2 Rd5 39. Be2 a4 40.
bxa4 Ra5 41. Bc4+ Kf6 42. Qh4+ Rg5 43. Qd4+ Re5 44. Qd8+ Re7 45. a5 Ne6 46.
Qh8+ Kg5 47. h4+ Kf5 48. Bd3+ Kg4 49. Qf6 Re8 50. Qxg6+ 1-0

[Event "Tournoi Skype 030B"]
[Site "Skype"]
[Date "????.??.??"]
[Round "4.45"]
[White "Torres, Vicky"]
[Black "Abate, Luigi"]
[Result "0-1"]
[WhiteElo "1034"]
[BlackElo "1119"]
[PlyCount "74"]

1. d4 Nf6 2. Nf3 d5 3. c4 c6 4. Bg5 e6 5. Qc2 Be7 6. Nc3 h6 7. Bf4 Nbd7 8. e4
b6 9. Bd3 Bb7 10. O-O O-O 11. e5 Re8 12. exf6 Nxf6 13. Rfe1 Nh5 14. Be3 Bf6 15.
Qe2 Rc8 16. Ne5 Bxe5 17. Qxh5 Bf6 18. Qg4 Qd6 19. Bxh6 c5 20. Bf4 e5 21. dxe5
Bxe5 22. Bxe5 Rxe5 23. Qh3 g6 24. Nd1 Rxe1+ 25. Bf1 dxc4 26. Qc3 Rce8 27. Qxc4
R8e5 28. Rc1 Qc6 29. f3 Rh5 30. Nf2 Rxc1 31. Qxc1 Qd6 32. Nh3 Bc8 33. g3 Bxh3
34. Qe3 Qd1 35. Qf2 Bxf1 36. Qxf1 Qxf1+ 37. Kxf1 Rxh2 0-1

[Event "Tournoi Skype 030B"]
[Site "Skype"]
[Date "????.??.??"]
[Round "4.46"]
[White "Montilla Bejarano, Mey"]
[Black "Baratta, Giuseppe"]
[Result "1-0"]
[WhiteElo "1116"]
[BlackElo "1000"]
[PlyCount "59"]

1. c4 c5 2. Nc3 Nc6 3. g3 e5 4. Bg2 b6 5. e3 Rb8 6. Qa4 Bb7 7. Nge2 Nb4 8. Bxb7
Rxb7 9. O-O Nf6 10. d4 exd4 11. exd4 cxd4 12. Nxd4 Bc5 13. Re1+ Be7 14. Qxb4
O-O 15. Rxe7 Re8 16. Rxe8+ Qxe8 17. Bf4 Ng4 18. Ncb5 a5 19. Qa3 Qf8 20. Bd6 Qd8
21. Re1 Nf6 22. Be7 Qe8 23. Nd6 Qb8 24. Nxb7 Qxb7 25. Bxf6 gxf6 26. Re8+ Kg7
27. Qf8+ Kg6 28. Qg8+ Kh6 29. Nf5+ Kh5 30. g4# 1-0

[Event "Tournoi Skype 030B"]
[Site "Skype"]
[Date "????.??.??"]
[Round "4.47"]
[White "Tolaro, Filippa"]
[Black "Koohnavard, Neda"]
[Result "1-0"]
[WhiteElo "1114"]
[BlackElo "1000"]
[PlyCount "99"]

1. Nf3 Nf6 2. d4 d5 3. e3 Bg4 4. Bd3 e6 5. a3 Bd6 6. Nbd2 c6 7. O-O Nbd7 8. h3
Bf5 9. Bxf5 exf5 10. b3 O-O 11. Bb2 Re8 12. Ne5 Nxe5 13. dxe5 Bxe5 14. c3 Qc7
15. f4 Qd7 16. fxe5 Ne4 17. Nxe4 fxe4 18. c4 Re6 19. Qg4 Rd8 20. Rf4 Rg6 21.
Qxd7 Rxd7 22. Rc1 dxc4 23. bxc4 Rd2 24. Rf2 Rd3 25. Rcf1 h6 26. e6 fxe6 27. Rf7
Rxe3 28. g4 Rxh3 29. Rf8+ Kh7 30. R1f4 Rg3+ 31. Kf2 R6xg4 32. Rxg4 Rxg4 33. Re8
h5 34. Rxe6 h4 35. Re5 h3 36. Rh5+ Kg6 37. Rxh3 Rg5 38. Bc1 Rh5 39. Rg3+ Kf6
40. Bb2+ Ke6 41. Bxg7 Rh2+ 42. Ke3 Rc2 43. Kd4 Kf5 44. Rg1 b6 45. Rf1+ Kg4 46.
Rf7 Ra2 47. Rxa7 c5+ 48. Kxe4 Re2+ 49. Kd3 Re5 50. Bxe5 1-0

[Event "Tournoi Skype 030B"]
[Site "Skype"]
[Date "????.??.??"]
[Round "4.48"]
[White "Baker, Abi"]
[Black "Bellati, Fabio"]
[Result "1/2-1/2"]
[WhiteElo "1023"]
[BlackElo "1104"]
[PlyCount "45"]

1. c4 Nf6 2. Nc3 e6 3. d4 d5 4. c5 b6 5. Bf4 bxc5 6. Nb5 Na6 7. Qa4 Bd6 8.
Nxd6+ Ke7 9. Nxc8+ Qxc8 10. dxc5 Nxc5 11. Qb4 Nfd7 12. Be3 Rd8 13. Qd4 e5 14.
Qh4+ Kf8 15. Qxh7 Ne4 16. Qh8+ Ke7 17. Qh4+ Kf8 18. Rd1 Qb7 19. Qh8+ Ke7 20.
Qh4+ Kf8 21. a3 Qxb2 22. Qh8+ Ke7 23. Qh4+ 1/2-1/2

[Event "Tournoi Skype 030B"]
[Site "Skype"]
[Date "????.??.??"]
[Round "4.49"]
[White "Schuh, David"]
[Black "Santa Cruz, Oscar Ruben"]
[Result "0-1"]
[WhiteElo "1103"]
[BlackElo "1000"]
[PlyCount "64"]

1. d4 d5 2. c4 c6 3. Nc3 Nf6 4. Nf3 e6 5. e3 Be7 6. Bd3 Nbd7 7. b3 b6 8. Bb2
Bb7 9. Qc2 O-O 10. O-O h6 11. e4 Nxe4 12. Nxe4 dxe4 13. Bxe4 Nf6 14. Bd3 c5 15.
d5 exd5 16. cxd5 Nxd5 17. Bc4 Qc7 18. Rfe1 Rad8 19. Qe4 Bf6 20. Bxf6 Nxf6 21.
Qc2 Bxf3 22. gxf3 Rd4 23. Rad1 Rh4 24. Kf1 Qf4 25. Re3 Rxh2 26. Ke2 Ng4 27. Rf1
Qxe3+ 28. Kd1 Rd8+ 29. Bd3 Rxd3+ 30. Qxd3 Qxd3+ 31. Ke1 Ne5 32. Rg1 Nxf3# 0-1

[Event "Tournoi Skype 030B"]
[Site "Skype"]
[Date "????.??.??"]
[Round "4.50"]
[White "Grib, Jessica"]
[Black "Ruiz Aguilera, Juan Jesus"]
[Result "0-1"]
[WhiteElo "1012"]
[BlackElo "1102"]
[PlyCount "104"]

1. e4 c5 2. c3 e6 3. d4 cxd4 4. cxd4 Nc6 5. Nf3 a6 6. Be3 Nf6 7. Nc3 b5 8. a3
b4 9. Na2 bxa3 10. bxa3 Nxe4 11. Bd3 Qa5+ 12. Nd2 Nxd2 13. Bxd2 Qxa3 14. Bc4
Nxd4 15. O-O d5 16. Be2 Nxe2+ 17. Qxe2 Bd7 18. Bc1 Bb5 19. Qc2 Qd3 20. Qxd3
Bxd3 21. Re1 Bc5 22. Be3 Bxe3 23. fxe3 O-O 24. Nb4 Bc4 25. Nc6 Bb5 26. Ne7+ Kh8
27. e4 Rfe8 28. Nxd5 exd5 29. e5 Kg8 30. Rad1 Rad8 31. Kf2 d4 32. Re4 d3 33.
Kf3 d2 34. Ke3 Rd5 35. Rxd2 Rdxe5 36. Rdd4 Bc6 37. Rxe5 Rxe5+ 38. Kf4 Rd5 39.
Ke3 Rxd4 40. Kxd4 a5 41. Kc5 a4 42. Kxc6 a3 43. Kb5 a2 44. Ka4 a1=Q+ 45. Kb3
Qg1 46. Kc2 Qxg2+ 47. Kc3 Qxh2 48. Kd3 Kf8 49. Ke3 Ke7 50. Ke4 Ke6 51. Kd4 Qd6+
52. Ke4 f5+ 0-1

[Event "Tournoi Skype 030B"]
[Site "Skype"]
[Date "????.??.??"]
[Round "4.51"]
[White "Vasquez Donaire, Ivis Godofredo"]
[Black "Homme, Jim"]
[Result "0-1"]
[WhiteElo "1003"]
[BlackElo "1100"]
[PlyCount "106"]

1. e4 e5 2. Nf3 Nc6 3. Bb5 Nf6 4. d3 a6 5. Ba4 b5 6. Bb3 Bb4+ 7. c3 Ba5 8. Ng5
O-O 9. O-O d5 10. h3 Bb7 11. Bc2 d4 12. Nf3 Qd6 13. Bg5 Rac8 14. Bxf6 Qxf6 15.
b4 Bb6 16. Qd2 Rfd8 17. Bb3 Rd7 18. a3 Rcd8 19. Qa2 dxc3 20. Nxc3 Nd4 21. Nxd4
Bxd4 22. Nd5 Bxd5 23. exd5 Bxa1 24. Qxa1 Qg6 25. d4 e4 26. Qa2 Rd6 27. a4 Qf6
28. axb5 axb5 29. Qa5 Qxd4 30. Qxb5 R6d7 31. Qa5 Qd3 32. Qa2 Re7 33. Bc2 Qd4
34. b5 e3 35. Qa3 Ree8 36. Qa2 e2 37. Qb1 g6 38. Re1 Rxd5 39. Kh1 Qxf2 40. Rg1
e1=Q 41. Rxe1 Rxe1+ 42. Qxe1 Qxe1+ 43. Kh2 Qe4 44. Bxe4 Rxb5 45. g4 Rb4 46. Bd3
c5 47. Ba6 c4 48. Kg1 c3 49. Kf1 c2 50. Ke2 c1=Q 51. Kd3 Qa3+ 52. Kc2 Rb2+ 53.
Kd1 Qa1# 0-1

[Event "Tournoi Skype 030B"]
[Site "Skype"]
[Date "????.??.??"]
[Round "4.52"]
[White "Franco Flores, Ximena"]
[Black "Dib, Catherine"]
[Result "1-0"]
[WhiteElo "1000"]
[BlackElo "1096"]
[PlyCount "65"]

1. e4 c5 2. Nf3 d6 3. Bc4 e6 4. c3 Nc6 5. d4 d5 6. exd5 exd5 7. Bb5 Nf6 8. O-O
Be7 9. Re1 O-O 10. c4 Bd7 11. Bg5 Rc8 12. Nc3 Be6 13. cxd5 Nxd5 14. Nxd5 Bxd5
15. Bxe7 Nxe7 16. b3 a6 17. Bc4 b5 18. Bxd5 Nxd5 19. Rc1 Qd6 20. Ng5 h6 21. Ne4
Qg6 22. dxc5 Rcd8 23. Ng3 Nb4 24. Qf3 Nd3 25. Nf5 Nxe1 26. Rxe1 Kh8 27. c6 Rfe8
28. Rf1 Rd2 29. Ne3 Red8 30. c7 Rc8 31. Qb7 Rd7 32. Qxc8+ Kh7 33. Qxd7 1-0

[Event "Tournoi Skype 030B"]
[Site "Skype"]
[Date "????.??.??"]
[Round "4.53"]
[White "Garcia Arzola, Antonio"]
[Black "Ibanez, Bittor"]
[Result "0-1"]
[WhiteElo "1000"]
[BlackElo "1080"]
[PlyCount "80"]

1. e4 c5 2. Nf3 Nc6 3. Bc4 e6 4. Nc3 a6 5. O-O d6 6. d3 b5 7. Bb3 Bb7 8. Ng5
Be7 9. Nxf7 Kxf7 10. f4 Nd4 11. f5 Nxb3 12. fxe6+ Ke8 13. axb3 Nf6 14. Qf3 Rf8
15. Nd5 Bxd5 16. exd5 Qb6 17. c4 Kd8 18. Bd2 b4 19. Bg5 h6 20. Bxf6 Bxf6 21.
Rae1 Bd4+ 22. Kh1 Rxf3 23. e7+ Ke8 24. Rxf3 Bf6 25. h3 Ra7 26. g4 Rxe7 27. Re6
Rxe6 28. dxe6 Qb7 29. Kg2 Ke7 30. Kg3 Kxe6 31. h4 Be5+ 32. Kf2 Bd4+ 33. Kg3
Bxb2 34. g5 Be5+ 35. Kg4 h5+ 36. Kxh5 Qxf3+ 37. Kg6 Qf5+ 38. Kh5 Qh7+ 39. Kg4
g6 40. h5 Qxh5# 0-1

[Event "Tournoi Skype 030B"]
[Site "Skype"]
[Date "????.??.??"]
[Round "4.54"]
[White "Radice, Marco"]
[Black "Gerbaux, Regis"]
[Result "1-0"]
[WhiteElo "1000"]
[BlackElo "1075"]
[PlyCount "45"]

1. d4 d5 2. Bf4 g6 3. e3 Bg7 4. Nf3 Nf6 5. h3 c6 6. c4 Nbd7 7. Nc3 e6 8. Bd3
O-O 9. O-O Re8 10. c5 b6 11. b4 a5 12. b5 cxb5 13. c6 Nb8 14. c7 Qe7 15. cxb8=Q
Bb7 16. Qc7 Rac8 17. Qxe7 Rxe7 18. Bd6 Rd7 19. Nxb5 Ba6 20. Rc1 Rxc1 21. Qxc1
Bxb5 22. Qc8+ Bf8 23. Qxf8# 1-0

[Event "Tournoi Skype 030B"]
[Site "Skype"]
[Date "????.??.??"]
[Round "4.55"]
[White "Maccaferri, Massimo"]
[Black "Valencia Gutierrez, Victor Hugo"]
[Result "1-0"]
[WhiteElo "1074"]
[BlackElo "1000"]
[PlyCount "47"]

1. e4 e5 2. Bc4 Nf6 3. Nc3 Nc6 4. Nf3 Bc5 5. Nd5 Nxe4 6. d4 exd4 7. Nxd4 Nxd4
8. Bd3 c6 9. Ne3 Qh4 10. g3 Qe7 11. O-O d5 12. Re1 Qf6 13. f4 O-O 14. Bxe4 dxe4
15. Bd2 g5 16. Rf1 g4 17. Bc3 Nf3+ 18. Kg2 Qh6 19. Nxg4 Bxg4 20. h4 Be3 21. Qe2
Bxf4 22. Qxe4 f5 23. Qd4 Rad8 24. Qh8+ 1-0

[Event "Tournoi Skype 030B"]
[Site "Skype"]
[Date "????.??.??"]
[Round "4.56"]
[White "Samudio Villarreal, Eduardo"]
[Black "Ruiz Gomez, Luz Alba"]
[Result "0-1"]
[WhiteElo "1000"]
[BlackElo "1192"]
[PlyCount "40"]

1. Nc3 Nf6 2. d4 d5 3. e3 Bf5 4. Bd2 e6 5. Nf3 Nbd7 6. h3 Be7 7. g4 Bg6 8. Ng5
h6 9. Nf3 O-O 10. Be2 c5 11. dxc5 Bxc5 12. a3 Rc8 13. Na4 Bb6 14. Nh4 Bxc2 15.
Qxc2 Rxc2 16. O-O Rxd2 17. Bb5 Ne4 18. f3 Qxh4 19. Bxd7 Qg3+ 20. Kh1 Qh2# 0-1

[Event "Tournoi Skype 030B"]
[Site "Skype"]
[Date "????.??.??"]
[Round "4.57"]
[White "Linares Vernet, Ana"]
[Black "Achicanoy, Yolanda"]
[Result "1-0"]
[WhiteElo "1140"]
[BlackElo "1000"]
[PlyCount "105"]

1. d4 d5 2. Bf4 Bf5 3. Nf3 Nc6 4. c3 Nf6 5. h3 h6 6. e3 g5 7. Bh2 e6 8. Ne5 Ne7
9. Bd3 Be4 10. f3 Nf5 11. Qe2 Bd6 12. Bxe4 dxe4 13. Nd2 Qe7 14. Nxe4 Nh7 15.
Nc4 Bg3+ 16. Nxg3 Nh4 17. e4 Rg8 18. Rg1 f6 19. O-O-O e5 20. Ne3 O-O-O 21. Nef5
Qf7 22. Nxh6 Qxa2 23. Nxg8 Qxg8 24. Nf5 Ng6 25. dxe5 Re8 26. exf6 Qf7 27. Ne7+
Nxe7 28. fxe7 Qxe7 29. Kb1 Qf7 30. Rd4 Nf6 31. Qc4 Qg7 32. e5 Qh7+ 33. Qd3 Qf7
34. exf6 Qxf6 35. Qc4 Qg6+ 36. Qd3 Qf7 37. Qd2 Qf6 38. Re1 Re6 39. Rxe6 Qxe6
40. Re4 Qg6 41. Qd4 Qg8 42. Qc4 Qxc4 43. Rxc4 b5 44. Rxc7+ Kd8 45. Rxa7 Ke8 46.
Be5 Kd8 47. Bf6+ Ke8 48. Bxg5 Kf8 49. h4 Kg8 50. h5 Kh8 51. Bf6+ Kg8 52. h6 Kf8
53. h7 1-0

[Event "Tournoi Skype 030B"]
[Site "Skype"]
[Date "????.??.??"]
[Round "4.58"]
[White "Rodriguez, Nathalie"]
[Black "Onafeko, Dammie"]
[Result "1-0"]
[WhiteElo "1127"]
[BlackElo "1000"]
[PlyCount "91"]

1. d4 d5 2. Bf4 Nc6 3. Nc3 f6 4. e3 e5 5. Bg3 Bd6 6. dxe5 fxe5 7. Nf3 Nge7 8.
Nxd5 Ng6 9. Bc4 Be6 10. a3 Bxd5 11. Qxd5 Nce7 12. Qf7+ Kd7 13. Be6+ Kc6 14. Rd1
Kb6 15. Rd3 a5 16. Rb3+ Bb4+ 17. axb4 a4 18. Rc3 Ka7 19. O-O Rf8 20. Qxg7 Kb8
21. Qxh7 Ra6 22. Qh3 Rf6 23. Bc4 Rac6 24. Nxe5 Nxe5 25. Bxe5 Rf5 26. Qg3 Qe8
27. Bb5 Ng6 28. Bxc7+ Kc8 29. Bxc6 bxc6 30. Rxc6 Qxc6 31. Rd1 Qxc7 32. Qxg6 Rf8
33. f4 Rf7 34. Rd6 Kb7 35. Qe4+ Kb8 36. Rc6 Qb7 37. Qe5+ Ka7 38. Qd4+ Ka8 39.
Qd8+ Ka7 40. Qa5+ Kb8 41. Qxa4 Rd7 42. h3 Rd1+ 43. Kh2 Rd5 44. Re6 Rb5 45. Re8+
Kc7 46. Re7+ 1-0

[Event "Tournoi Skype 030B"]
[Site "Skype"]
[Date "????.??.??"]
[Round "4.59"]
[White "Jacinto Sebastian, Carlos Ivan"]
[Black "Fuentes, Francisco"]
[Result "1-0"]
[WhiteElo "1000"]
[BlackElo "1005"]
[PlyCount "111"]

1. e4 e6 2. Nf3 d5 3. Nc3 c6 4. d3 Bd6 5. Be2 Nf6 6. O-O O-O 7. b3 Nbd7 8. Bb2
d4 9. Nxd4 e5 10. Nf5 Bc7 11. d4 Ne8 12. d5 Nd6 13. dxc6 Nxf5 14. exf5 bxc6 15.
Bc4 Bb8 16. Qg4 e4 17. Nxe4 Qc7 18. g3 Re8 19. f6 g6 20. Ng5 Ne5 21. Qe2 c5 22.
f4 Bb7 23. fxe5 Qc6 24. Bxf7+ Kf8 25. Bxe8 Kxe8 26. f7+ Ke7 27. e6 Qh1+ 28. Kf2
Qxh2+ 29. Ke1 Qxg3+ 30. Rf2 Bf4 31. Nxh7 Rh8 32. Rd1 Rxh7 33. Rd7+ Kf8 34. e7+
Kxf7 35. Qc4+ Ke8 36. Rxb7 Rxe7+ 37. Rxe7+ Kxe7 38. Qxf4 Qxf4 39. Rxf4 Kd6 40.
Rf6+ Kd5 41. Rxg6 a5 42. c4+ Ke4 43. Re6+ Kf3 44. Rd6 Kf4 45. Kf2 Ke4 46. a4
Kf4 47. b4 axb4 48. a5 Ke4 49. a6 b3 50. a7 Kf4 51. a8=Q Kf5 52. Qf3+ Kg5 53.
Qf6+ Kg4 54. Qf3+ Kg5 55. Bc1+ Kh4 56. Rh6# 1-0

[Event "Tournoi Skype 030B"]
[Site "Skype"]
[Date "????.??.??"]
[Round "4.61"]
[White "Lai, Mattia"]
[Black "Dodi, Roberto"]
[Result "0-1"]
[WhiteElo "1000"]
[BlackElo "1000"]
[PlyCount "70"]

1. e4 c5 2. Bc4 d6 3. Qh5 e6 4. Nc3 Nf6 5. Qf3 Be7 6. Nb5 Bd7 7. d3 O-O 8. Nh3
Bc6 9. Nc3 Nbd7 10. Ng5 a6 11. d4 b5 12. Bd3 cxd4 13. Qh3 dxc3 14. e5 Nxe5 15.
Bxh7+ Kh8 16. Nxf7+ Rxf7 17. Bg6+ Kg8 18. Bxf7+ Nxf7 19. O-O d5 20. Re1 Ne4 21.
Be3 d4 22. Bxd4 Qxd4 23. Re3 cxb2 24. Rb1 Rd8 25. g4 Nxf2 26. Kxf2 Qd2+ 27. Re2
Qd4+ 28. Ke1 Bb4+ 29. Kf1 Bd5 30. g5 Bc4 31. Qh5 Qf4+ 32. Kg1 Bc5+ 33. Rf2
Qxf2+ 34. Kh1 Bd5+ 35. Qf3 Bxf3# 0-1

[Event "Tournoi Skype 030B"]
[Site "Skype"]
[Date "????.??.??"]
[Round "4.62"]
[White "Elvira Sanchez, Adalberto"]
[Black "Molina, Maria Lucia"]
[Result "1/2-1/2"]
[WhiteElo "1000"]
[BlackElo "1000"]
[PlyCount "90"]

1. d4 d5 2. Nc3 f5 3. Bf4 c6 4. e3 e6 5. Nf3 Nf6 6. Ne5 Bd6 7. Bd3 O-O 8. Qd2
Na6 9. Bxa6 bxa6 10. O-O Ne4 11. Nxc6 Nxd2 12. Nxd8 Rxd8 13. Rfd1 Nc4 14. Bxd6
Rxd6 15. b3 Nb2 16. Rdb1 Nc4 17. bxc4 dxc4 18. f3 Rb6 19. Rxb6 axb6 20. Rb1 a5
21. Rxb6 Bd7 22. Rb7 Ba4 23. Nxa4 Rd8 24. Nc5 Re8 25. e4 e5 26. dxe5 Rxe5 27.
Nd3 Re8 28. exf5 g5 29. fxg6 hxg6 30. g4 cxd3 31. cxd3 Re3 32. Kf2 Rxd3 33. Kg3
Ra3 34. Rb2 a4 35. h4 Rc3 36. h5 a3 37. Rb1 Rc2 38. Ra1 g5 39. f4 Rc3+ 40. Kf2
gxf4 41. g5 f3 42. g6 Kg7 43. Kf1 Rc2 44. Ke1 f2+ 45. Kf1 Kh6 1/2-1/2

[Event "Tournoi Skype 030B"]
[Site "Skype"]
[Date "????.??.??"]
[Round "4.63"]
[White "Gagnon, Sindy"]
[Black "Wildt, Gerti"]
[Result "0-1"]
[WhiteElo "1000"]
[BlackElo "1000"]
[PlyCount "84"]

1. e4 c5 2. c4 d6 3. Nc3 a6 4. Nf3 g6 5. Be2 Nf6 6. O-O Bg7 7. d3 O-O 8. b3 e6
9. Bf4 Nh5 10. Bg5 Qc7 11. a3 Bxc3 12. Rb1 Bg7 13. d4 Nc6 14. dxc5 dxc5 15. Be3
b6 16. b4 Nf6 17. Bd3 Nd4 18. Ng5 h6 19. Nh3 e5 20. f3 Bxh3 21. gxh3 h5 22. a4
Ne6 23. b5 Rad8 24. bxa6 Ra8 25. f4 Rxa6 26. fxe5 Qxe5 27. Bd2 h4 28. Qc2 Nd4
29. Qb2 g5 30. Bc3 Nxe4 31. Be1 g4 32. hxg4 h3 33. a5 Qg5 34. Kh1 Qxg4 35. axb6
Raa8 36. b7 Rab8 37. Bc3 Be5 38. Rfe1 Qf3+ 39. Kg1 Qxd3 40. Ra1 Qf3 41. Ra6
Nxc3 42. Rg6+ fxg6 0-1

[Event "Tournoi Skype 030B"]
[Site "Skype"]
[Date "????.??.??"]
[Round "5.1"]
[White "Rosenkoetter, David"]
[Black "Lago Carballo, Maria Del Carmen"]
[Result "1-0"]
[WhiteElo "1143"]
[BlackElo "1294"]
[PlyCount "113"]

1. e4 d5 2. Nc3 d4 3. Nce2 d3 4. cxd3 Qxd3 5. Qa4+ Qd7 6. Qb3 c6 7. Nc3 Nf6 8.
Nf3 e6 9. a3 Qc7 10. Be2 Nbd7 11. h3 Nc5 12. Qc2 h6 13. d4 Ncd7 14. O-O Be7 15.
Bd1 O-O 16. Qd3 a6 17. Bc2 e5 18. Nh4 Rd8 19. Bxh6 Nh5 20. Nf5 gxh6 21. Qf3
Ndf6 22. Rae1 Kh7 23. Bb3 Be6 24. d5 cxd5 25. exd5 Bxd5 26. Nxd5 Nxd5 27. Bxd5
Nf6 28. Bxf7 Rf8 29. Ba2 Rad8 30. Bb1 Kh8 31. Qe3 Bd6 32. Qxh6+ Nh7 33. Rd1 Rf6
34. Qh4 Be7 35. Nh6 Rf4 36. Rxd8+ Bxd8 37. Qg3 Qg7 38. Qd3 Rd4 39. Qe3 Bg5 40.
Qxe5 Bxh6 41. Qe8+ Qf8 42. Qe5+ Qg7 43. Qf5 Ng5 44. Rc1 Rd8 45. h4 Nh3+ 46.
Qxh3 Bxc1 47. Bc2 Bxb2 48. Qb3 Bf6 49. Qb6 Rg8 50. Be4 Bxh4 51. Qe3 Bg5 52.
Qh3+ Bh6 53. Bf3 Qa1+ 54. Kh2 Qg7 55. Kg1 Qa1+ 56. Kh2 Qg7 57. g3 1-0

[Event "Tournoi Skype 030B"]
[Site "Skype"]
[Date "????.??.??"]
[Round "5.2"]
[White "Battaglia, Gabriele"]
[Black "Garcia De La Calva, Juan Ramon"]
[Result "0-1"]
[WhiteElo "1271"]
[BlackElo "1000"]
[PlyCount "58"]

1. Nf3 Nf6 2. g3 b6 3. Bg2 Bb7 4. O-O g6 5. d3 d5 6. Nbd2 Bg7 7. c4 c5 8. Ne1
Nc6 9. cxd5 Nxd5 10. e4 Ndb4 11. a3 Nxd3 12. Rb1 Nxc1 13. Qxc1 Ba6 14. Nc4 Nd4
15. Qd2 Bxc4 16. Nd3 Nb3 17. Qd1 Qxd3 18. Qxd3 Bxd3 19. e5 Rd8 20. Bc6+ Kf8 21.
Rfd1 Bxe5 22. Bb5 Bxb1 23. Rxd8+ Kg7 24. Rd7 Be4 25. h4 Bxb2 26. Rxe7 Bd5 27.
Rd7 Nd4 28. Rxd5 Nxb5 29. a4 Nc3 0-1

[Event "Tournoi Skype 030B"]
[Site "Skype"]
[Date "????.??.??"]
[Round "5.3"]
[White "Herrera, Oscar"]
[Black "Barrera Mendoza, Carlos"]
[Result "1-0"]
[WhiteElo "1126"]
[BlackElo "1166"]
[PlyCount "85"]

1. Nf3 Nf6 2. d4 g6 3. c4 d6 4. Nc3 Bg7 5. e4 O-O 6. Bd3 e5 7. dxe5 dxe5 8. O-O
Nc6 9. Bg5 Qd6 10. Qc2 Nd4 11. Nxd4 exd4 12. Nb5 Qe5 13. f4 Qc5 14. a3 a6 15.
b4 Qb6 16. c5 Qc6 17. Nxd4 Qd7 18. Nb3 Ng4 19. h3 Ne3 20. Qe2 Nxf1 21. Rxf1 Qa4
22. Qa2 Be6 23. Bc2 f6 24. f5 Bf7 25. Bf4 Qc6 26. fxg6 hxg6 27. Qb1 Rad8 28.
Na5 Qd7 29. Nxb7 Qd4+ 30. Kh2 Rc8 31. c6 f5 32. exf5 Bd5 33. Nc5 Bxc6 34. Ne6
Qd5 35. Rf2 Rfe8 36. Bb3 Qxf5 37. Nd4+ Qd5 38. Bxd5+ Bxd5 39. Qxg6 Bf7 40. Qg5
Kh7 41. Nf5 Rg8 42. Qh4+ Kg6 43. Ne7# 1-0